000 00363nam a2200157Ia 4500
001 1507
008 201222s ii a g b000 u asm u
082 _a891.41408
245 0 _aChetana /
_hTextual Documents
250 _a1st ed /
300 _a170p. :
_bill ;
_c21cm .
500 _a56/Ref/Ass
653 _aAssamese
653 _aRef-Assamese
942 _2ddc
_cBK
999 _c1503
_d1503